| 000 | 00427nam a2200169Ia 4500 | ||
|---|---|---|---|
| 005 | 20240718083115.0 | ||
| 008 | 240331s9999 xx 000 0 und d | ||
| 020 | _a812120481X | ||
| 082 |
_a200.5 _bREL |
||
| 245 | 0 | _aReligious fundamentalism in Asia | |
| 260 |
_aNew Delhi _bGyan Publishing House _c1994 |
||
| 300 | _axiv, 294 p ., | ||
| 650 | _aReligion | ||
| 650 | _aSociology | ||
| 700 |
_aChopra, V D. _eedt |
||
| 942 | _cL | ||
| 999 |
_c1308 _d1308 |
||